Les clubs en C1 (Coupe des clubs champions et LDC) - Statistiques

Statistiques générales
  • Ce quiz a été pris 439 fois
    323 depuis la dernière actualisation
  • Le résultat moyen est 58 sur 346
Statistiques - réponses
Pays Club % Correct
Allemagne Bayern Munich
83%
France Paris Saint-Germain
83%
France Olympique de Marseille
82%
Allemagne Borussia dortmund
77%
France Olympique Lyonnais
77%
Espagne Real Madrid CF
77%
Espagne FC Barcelone
71%
France Lille OSC
69%
Angleterre Manchester City
69%
Angleterre Chelsea FC
65%
France AJ Auxerre
64%
France AS Monaco
64%
Angleterre Manchester united
64%
Italie AC Milan
63%
Italie Inter Milan
62%
Italie Juventus
62%
Angleterre Liverpool
62%
France Girondins de Bordeaux
61%
France Stade Rennais
61%
Angleterre Arsenal
58%
France RC Lens
58%
Espagne Atlético de Madrid
57%
France FC Nantes
57%
France AS Saint-Etienne
56%
Allemagne RB Leipzig
56%
Pays-Bas Ajax Amsterdam
55%
Espagne FC Séville
55%
France Stade de Reims
55%
Italie AS Roma
54%
France Montpellier HSC
54%
France OGC Nice
54%
Angleterre Aston Villa
53%
Ecosse Celtic Glasgow
53%
Angleterre Tottenham Hotspur
53%
Portugal FC Porto
51%
Allemagne Bayer Leverkusen
50%
Italie SSC Napoli
50%
Ecosse Glasgow Rangers
49%
Portugal SL Benfica
49%
Pays-Bas PSV Eindhoven
47%
Belgique Club Brugge KV
43%
Italie Lazio Rome
43%
France RC Strasbourg
43%
Espagne Valence CF
43%
Serbie Etoile rouge de Belgrade
42%
Ukraine Dynamo Kiev
41%
Angleterre Nottingham Forest
41%
Portugal Sporting CP
41%
Turquie Galatasaray
40%
Belgique RSC Anderlecht
40%
Allemagne Schalke 04
40%
Allemagne VfL Wolfburg
40%
Russie CSKA Moscou
38%
Angleterre Newcastle
38%
Danemark FC Copenhague
37%
Russie Spartak Moscou
37%
Grèce AEK Athènes
36%
Espagne Athletic Bilbao
36%
Italie Fiorentina
36%
Allemagne Hambourg SV
36%
Angleterre Leicester City
36%
Espagne Real Sociedad
36%
Pays-Bas Feyenoord Rotterdam
35%
Grèce Olympiakos
35%
Espagne Real Bétis
35%
Roumanie Steaua Bucarest
35%
Espagne Villarreal
35%
Italie Atalanta Bergame
34%
Croatie Dinamo Zagreb
34%
Angleterre Leeds United
34%
Russie Lokomotiv Moscou
34%
Suisse Young Boys de Berne
34%
Luxembourg Union Luxembourg
33%
Russie Zenit Saint-Petersbourg
33%
Suède IFK Malmö
32%
Suède Malmö FF
32%
Albanie Dinamo Tirana
31%
Albanie KF Tirana
31%
Roumanie Dinamo Bucarest
30%
Angleterre Everton
30%
Roumanie Rapid Bucarest
29%
Autriche Austria Vienne
28%
Allemagne Borussia Mönchengladbach
28%
Italie Parme
28%
Autriche Rapid Vienne
28%
Tchéquie Sparta Prague
28%
Turquie Besiktas
27%
Bulgarie CSKA Sofia
27%
Suisse FC Bâle
27%
Israël Maccabi Tel-Aviv
27%
Portugal SC Braga
27%
Tchéquie Slavia Prague
27%
Italie Torino FC
27%
Ecosse Dundee FC
26%
Turquie Fenerbahce
26%
Espagne Deportivo La Corogne
25%
Bulgarie Levski Sofia
25%
Russie Torpedo Moscou
25%
Allemagne FC Cologne
24%
Belgique KRC Genk
24%
Bulgarie Lokomotiv Sofia
24%
Autriche Red Bull Salzbourg
24%
Allemagne VfB Stuttgart
24%
Israël Maccabi Haïfa
23%
Allemagne Werder brême
23%
Chypre APOEL Nicosie
22%
Belgique KAA Gent
22%
Italie Bologne FC
21%
Suisse FC Zurich
21%
Pologne Legia Varsovie
21%
Espagne Malaga CF
21%
Chypre Omonia Nicosie
21%
Italie UC Sampdoria
19%
Allemagne 1860 Munich
18%
Pays-Bas AZ Alkmaar
18%
Ukraine Chakhtar Donetsk
18%
Chypre Olympiakos Nicosie
18%
Grèce Panathinaikos
18%
Grèce PAOK Salonique
18%
Serbie Partizan Belgrade
18%
Moldavie Sheriff Tiraspol
18%
Allemagne TSG Hoffenheim
18%
Danemark AB Copenhague
17%
Kazakhstan FC Astana
17%
Allemagne Hertha Berlin
17%
Pays-Bas Rapid JC
17%
Belgique Standard de Liège
17%
Italie Udinese
17%
Biélorussie Dinamo Minsk
16%
Géorgie Dinamo Tbilissi
16%
Tchéquie Dukla Prague
16%
Bosnie-Herzégovine FK Sarajevo
16%
Slovaquie Slovan Bratislava
16%
Ecosse Aberdeen
15%
Espagne Celta Vigo
15%
Islande KA Akureyri
15%
Pays-Bas Sparta Rotterdam
15%
Chypre Apollon Limassol
14%
Roumanie CFR Cluj
14%
Ecosse Dundee United
14%
Bulgarie Ludogorets Razgrad
14%
Azerbaïdjan Qarabag FK
14%
Italie Hellas Verone
13%
Slovaquie Inter Bratislava
13%
Turquie Istanbul Basaksehir
13%
Turquie Trabzonspor
13%
Allemagne Eintracht Francfort
12%
Hongrie Ferencvaros TC
12%
Islande KR Reykjavik
12%
Angleterre Wolverhampton Wanderers
12%
Chypre AEL Limassol
11%
Angleterre Blackburn Rovers
11%
Angleterre Burnley
11%
Italie Cagliari Calcio
11%
Norvège Molde
11%
Espagne RCD Majorque
11%
Belgique Royal Antwerp
11%
Suisse Servette FC
11%
Pologne Wisla Cracovie
11%
Danemark Brondby IF
10%
Russie Krasnodar
10%
Norvège Rosenorg BK
10%
Allemagne 1.FC Nuremberg
9%
Biélorussie BATE Borisov
9%
Portugal Boavista
9%
Suisse FC Sion
9%
Pays-Bas FC Twente
9%
Allemagne Kaiserslautern
9%
Pologne Lech Poznan
9%
Tchéquie Viktoria Plzen
9%
Ecosse Hibernian FC
8%
Finlande HJK Helsinki
8%
Suède IFK Göteborg
8%
Angleterre Ipswich Town
8%
Autriche LASK Linz
8%
Russie Rubin Kazan
8%
Danemark AaB Aalborg
7%
Belgique FC Malines
7%
Ecosse Heart of Midlothian
7%
Suisse Lausanne-Sports
7%
Danemark Midtjylland
7%
Slovénie NK Maribor
7%
Autriche SK Sturm Graz
7%
Suède AIK Solna
6%
Ukraine Dniepr Dnipopetrovsk
6%
Luxembroug F91 Dudelange
6%
Suisse Grasshopper Zurich
6%
Suisse FC Lucerne
5%
Russie FK Rostov
5%
Croatie Hajduk Split
5%
Pays-Bas SC Heerenveen
5%
Irlande Shamrock Rovers
5%
Hongrie Budapest Honved
4%
Hongrie Debrecen VSC
4%
Angleterre Derby County
4%
Irlande Dundalk FC
4%
Israël Hapoel Tel-Aviv
4%
Suisse Neuchâtel Xamax
4%
Danemark OB Odense
4%
Allemagne 1. FC Magdebourg
3%
Danemark AGF Aarhus
3%
Irlande Bohemian FC
3%
Bulgarie Botev Plovdiv
3%
Turquie Bursaspor
3%
Irlande | Irlande du Nord Derry City
3%
Danemark FC Nordsjaelland
3%
Suisse FC Thoune
3%
Ecosse Kilmarnock FC
3%
Irlande du Nord Linfield FC
3%
Slovaquie MSK Zilina
3%
Slovénie Olimpija Ljubljana
3%
Luxembourg Racing FC
3%
Luxembourg Red Boys Differdange
3%
Slovaquie Spartak Trnava
3%
Hongrie Ujpest FC
3%
Norvège Viking FK Stavanger
3%
Autriche Wacker Innsbruck
3%
Pays-Bas Willem II Tilburg
3%
Chypre AEK Larnaca
2%
Chypre Anorthosis Famagouste
2%
Arménie Ararat Erevan
2%
Tchéquie Banik Ostrava
2%
Irlande Cork City FC
2%
Suède Djurgardens IF
2%
Allemagne Dynamo Dresde
2%
Irlande du Nord Glentoran FC
2%
Islande IA Akranes
2%
Belgique Lierse SK
2%
Belgique RWD Molenbeek
2%
Bulgarie Spartak Plovdiv
2%
Roumanie Unirea Urziceni
2%
Roumanie Universitatea Craiova
2%
Malte Valletta FC
2%
Islande Vikingur Reykjavik
2%
Autriche Admira Wacker Mödling
1%
Israël Beitar Jérusalem
1%
Bulgarie Beroe Stara Zagora
1%
Tchéquie Bohemians Prague
1%
Allemagne Carl Zeiss Iéna
1%
Irlande du Nord Coleraine FC
1%
Irlande du Nord Crusaders FC
1%
Albanie Elbasani
1%
Danemark Esbjerg fB
1%
Suisse FC Aarau
1%
Malte FC Floriana
1%
Finlande FC Lahti
1%
Lituanie FK Zalgiris Vilnius
1%
Albanie Flamurtari Vlorë
1%
Islande Fram Reykjavik
1%
Pologne Gornik Zabrze
1%
Hongrie Györ ETO FC
1%
Malte Hamrun Spartans
1%
Allemagne Hansa Rostock
1%
Suède Helsinborgs IF
1%
Malte Hibernians FC
1%
Suède IFK Norrköping
1%
Finlande KuPS Kuopio
1%
Luxembourg La Jeunesse d'Esch
1%
Norvège Lillestrom SK
1%
Irlande Limerick FC
1%
Hongrie MTK Budapest
1%
Suède Osters IF
1%
Roumanie Otelul Galati
1%
Albanie Partizani Tirana
1%
Pologne Slask Wroclaw
1%
Malte Sliema Wanderers
1%
Irlande Sligo Rovers
1%
Autriche Swarovski Tirol
1%
Norvège Valerenga IF
1%
Islande Valur Reykjavik
1%
Albanie Vllaznia Shkodër
1%
Serbie Vojvodina Novi Sad
1%
Irlande Waterford AFC
1%
Pologne Widzew Lodz
1%
Bosnie-Herzégovine Zeljeznicar Sarajevo
1%
Ukraine Zorya Luhansk
1%
Grèce AEL Larissa
0%
Roumanie Arges Pitesti
0%
Slovaquie Artmedia Bratislava
0%
Irlande Athlone Town
0%
Suède Atvidabergs FF
0%
Danemark B 1903 Copenhague
0%
Danemark B 1909 Odense
0%
Danemark B 1913 Odense
0%
Allemagne BFC Dynamo
0%
Irlande Cork Celtic
0%
Irlande Cork Hibernians
0%
Irlande Drumcondra FC
0%
Pays-Bas DWS Amsterdam
0%
Allemagne Eintracht Brunswick
0%
Allemagne Erzgebirge Aue
0%
Luxembourg FC Avenir Beggen
0%
Finlande FC Haka
0%
Tchéquie FC Hradec Kralové
0%
Finlande FC Ilves Tampere
0%
Slovaquie FC Kosice
0%
Suisse FC La Chaux-de-Fonds
0%
Norvège FK Lyn Oslo
0%
Norvège Fredrikstad FK
0%
Pologne GKZ Szombierki Bytom
0%
Suède Halmstads BK
0%
Finlande HIFK Helsinki
0%
Finlande HPS Helsinki
0%
Danemark Hvidovre IF
0%
Islande IBK Keflavik
0%
Islande IBV
0%
Norvège IK Start
0%
Danemark KB Copenhague
0%
Danemark Koge BK
0%
Finlande KPV
0%
Belgique KSK Beveren
0%
Irlande du Nord Lisburn Distillery FC
0%
Danemark Lyngby BK
0%
Tchéquie MFK Vitkovice
0%
Norvège Moss FK
0%
Finlande OPS
0%
Suède Orgryte IS
0%
Roumanie Petrolul Ploiesti
0%
Bulgarie PFK Etar 1924
0%
Pologne Polonia Bytom
0%
Irlande du Nord Portadown FC
0%
Luxembourg Progrès Niederkorn
0%
Malte Rabat Ajax
0%
Allemagne Rot-Weiss Essen
0%
Pologne Ruch Chorzow
0%
Allemagne Sachsen Leipzig
0%
Allemagne Sarrebruck
0%
Allemagne SC Motor Jena
0%
Irlande Shelbourne FC
0%
Norvège Skeid FK Oslo
0%
Lettonie Skonto Riga
0%
Autriche SK Vöest Linz
0%
Pologne Stal Mielec
0%
Irlande St Patrick's Athletic FC
0%
Norvège Stromsgodset IF
0%
Autriche SV Austria Salzbourg
0%
Finlande TPS Turku
0%
Roumanie UTA Arad
0%
Hongrie Vasas SC
0%
Danemark Vejle BK
0%
Allemagne Viktoria Francfort
0%
Pays-Bas VV Dos
0%
Autriche Wiener Sport-Club
0%
Pologne Zaglebie Lubin
0%
Tchéquie Zbrojovka Brno
0%
Aucun quiz correspondant
Distribution des résultats
% des personnes avec chaque résultat
Percentile par nombre de réponses
Votre historique - résultats
Vous n’avez pas pris ce quiz depuis la dernière actualisation